Language Quiz

Random Language or World Quiz

Official Languages World Map Quiz Stats

Quiz Updated Sep 13, 2017

Challenge
Share
Tweet
Score 0/197 Timer 05:00
8 Plays Today
% Correct
Eritrea
98.7%
Rwanda
98.7%
Seychelles
98.7%
Vanuatu
98.7%
Canada
98.7%
Cameroon
98.7%
Sudan
98.7%
Zimbabwe
98.6%
Singapore
98.6%
South Africa
98.6%
India
98.5%
Pakistan
98.5%
Kenya
98.5%
Tanzania
98.5%
Swaziland
98.5%
Philippines
98.5%
Ireland
98.5%
UK
98.5%
Lesotho
98.5%
Nauru
98.4%
Fiji
98.4%
Papua New Guinea
98.4%
New Zealand
98.4%
Marshall Islands
98.4%
Tuvalu
98.4%
Palau
98.4%
Tonga
98.4%
Mauritius
98.4%
Malta
98.4%
Equatorial Guinea
98.4%
Kiribati
98.4%
USA
98.4%
Belize
98.4%
Jamaica
98.4%
The Bahamas
98.4%
Guyana
98.4%
Australia
98.4%
Solomon Islands
98.4%
South Sudan
98.4%
Uganda
98.4%
Malawi
98.4%
Namibia
98.4%
Botswana
98.4%
Zambia
98.4%
Nigeria
98.4%
Ghana
98.4%
Liberia
98.4%
Sierra Leone
98.4%
The Gambia
98.4%
Micronesia
98.4%
Trinidad
and Tobago
98.4%
St. Kitts
and Nevis
98.4%
St. Lucia
98.4%
St. Vincent and
the Grenadines
98.4%
Dominica
98.4%
Grenada
98.4%
Antigua
and Barbuda
98.4%
Barbados
98.4%
Samoa
98.3%
Switzerland
98%
Comoros
97.9%
Chad
97.9%
Djibouti
97.9%
Belgium
97.9%
Spain
97.9%
Bolivia
97.8%
% Correct
Peru
97.8%
Paraguay
97.7%
Luxembourg
97.7%
Mexico
97.7%
Cuba
97.7%
Guatemala
97.7%
Honduras
97.7%
Nicaragua
97.7%
Costa
Rica
97.7%
Panama
97.7%
El Salvador
97.7%
Dominican Republic
97.7%
Colombia
97.7%
Venezuela
97.7%
Ecuador
97.7%
Chile
97.7%
Argentina
97.7%
Uruguay
97.7%
Burundi
97.7%
Haiti
97%
Madagascar
97%
CAR
97%
France
96.9%
Mali
96.9%
Niger
96.9%
DRC
96.9%
Rep. Congo
96.9%
Gabon
96.9%
Togo
96.9%
Benin
96.9%
Burkina Faso
96.9%
Côte d'Ivoire
96.9%
Guinea
96.9%
Senegal
96.9%
Monaco
96.9%
Kazakhstan
96.3%
Belarus
96.3%
Kyrgyzstan
96.2%
Russia
96.2%
China
95%
Taiwan
95%
Austria
93.4%
Italy
93.3%
Israel
93%
Somalia
92.6%
Iraq
92.3%
Algeria
92.2%
Morocco
92.2%
Saudi Arabia
92.1%
Yemen
92.1%
Oman
92.1%
Syria
92.1%
Jordan
92.1%
UAE
92.1%
Kuwait
92.1%
Qatar
92.1%
Egypt
92.1%
Libya
92.1%
Tunisia
92.1%
Mauritania
92.1%
Lebanon
92.1%
Palestine
92.1%
Bahrain
92.1%
Portugal
92.1%
Timor-Leste
92.1%
Brazil
92%
% Correct
Mozambique
92%
Angola
92%
Guinea-Bissau
92%
Cabo Verde
92%
São Tomé
92%
Germany
92%
Liechtenstein
92%
Finland
89.3%
Sweden
87.7%
Cyprus
87%
Vatican City
85%
Japan
84.5%
San Marino
82.8%
Serbia
82.3%
Greece
80.8%
Turkey
78.7%
Norway
76.6%
Poland
75.2%
Bosnia
75.1%
Netherlands
73.1%
Suriname
73%
Mongolia
72.7%
Vietnam
71.9%
Thailand
71.9%
Kosovo
71.3%
N. Korea
70.6%
S. Korea
70.6%
Moldova
70.1%
Denmark
69.6%
Romania
69.1%
Czechia
66.6%
Croatia
65.6%
Brunei
65.3%
Hungary
64.8%
Iran
63.6%
Indonesia
62.2%
Slovakia
62.1%
Malaysia
61.7%
Macedonia
61.2%
Bulgaria
60.3%
Albania
57.5%
Ukraine
56.8%
Latvia
55.8%
Laos
54.9%
Estonia
54.4%
Lithuania
53.8%
Cambodia
53.3%
Slovenia
53%
Afghanistan
51.4%
Iceland
49.8%
Myanmar
45.9%
Bangladesh
45.6%
Tajikistan
44.8%
Uzbekistan
41.8%
Armenia
39.8%
Georgia
39.2%
Turkmenistan
36.7%
Nepal
34.1%
Sri Lanka
31.3%
Azerbaijan
31.1%
Ethiopia
22.5%
Montenegro
22.3%
Andorra
17.8%
Maldives
16.1%
Bhutan
11.9%

You're not logged in!

Compare scores with friends on all Sporcle quizzes.
Sign Up with Email
OR
Log In

You Might Also Like...

Show Comments

Extras

Top Quizzes Today


Score Distribution

Your Account Isn't Verified!

In order to create a playlist on Sporcle, you need to verify the email address you used during registration. Go to your Sporcle Settings to finish the process.